Pays d'Océanie - Statistiques

Statistiques générales
  • Ce quiz a été pris 327 fois
  • Le résultat moyen est 12 sur 14
Statistiques - réponses
Pays % Correct
Australie
99%
Nouvelle-Zélande
95%
Fidji
91%
Samoa
88%
Vanuatu
87%
Papouasie-Nouvelle-Guinée
86%
Îles Marshall
84%
Tonga
84%
Tuvalu
84%
Micronésie
83%
Nauru
81%
Salomon
80%
Kiribati
79%
Palaos
77%
Aucun quiz correspondant
Distribution des résultats
% des personnes avec chaque résultat
Percentile par nombre de réponses
Votre historique - résultats
Vous n’avez pas pris ce quiz